Obálka Náhled e-knihy:
PDF Epub
Pro půjčování e-knih musíte být přihlášeni.
Jak si půjčit online?

Pohřbeni na Soldafaru (část druhá) /

Když se objeví problémy, na něž živí nestačí, povolávají se mrtví hrdinové… Jak praktické, obzvlášť proto, že po splnění úkolu opět zemřou. Gesherod se zmítá ve vnitřních rozporech, kněží boha války usilují o ještě větší moc a daleko za horami zahajuje dobyvatelské tažení mladý král Mengwi. Kdo se m...

Celý popis

Uloženo v:
Série:Pohřbeni na Soldafaru, část 2
Hlavní autor: MUDr. Rečková, Jana (Autor)
Médium: E-kniha
Jazyk:Czech
Vydáno: Praha : Nakladatelství Epocha s.r.o., 2010
Příbuzné jednotky:Z cyklu:: Pohřbeni na Soldafaru
Tagy:
Žádné tagy
LEADER 01603nam a22002417i 4500
001 305252
007 ta
008 260601s2010 xr ||||| |||| 00| 0 cze d
020 |a 9788087027349 
044 |a xr 
100 1 |a MUDr. Rečková, Jana  |4 aut 
245 1 0 |a Pohřbeni na Soldafaru (část druhá) /  |c MUDr. Rečková, Jana 
264 1 |a Praha :  |b Nakladatelství Epocha s.r.o.,  |c 2010 
300 |a 1 online zdroj (224 stran) 
336 |a text  |b txt  |2 rdacontent 
337 |a bez média  |b n  |2 rdamedia 
338 |a online zdroj  |b cr  |2 rdacarrier 
520 2 |a Když se objeví problémy, na něž živí nestačí, povolávají se mrtví hrdinové… Jak praktické, obzvlášť proto, že po splnění úkolu opět zemřou. Gesherod se zmítá ve vnitřních rozporech, kněží boha války usilují o ještě větší moc a daleko za horami zahajuje dobyvatelské tažení mladý král Mengwi. Kdo se mu postaví, když Quaral Druhý je na válčení už starý, jeho synové mají sklony spíš umělecké než válečnické a princezna… Co ta nadaná hvězdopravkyně vlastně vyčetla z hvězd? 
787 0 8 |g 2  |i Z cyklu:  |t Pohřbeni na Soldafaru 
910 |a RBIT002 
998 |d 115  |a https://core.palmknihy.cz/api/books/115/cover?mq84d0  |b https://core.palmknihy.cz/api/books/115/cover/400?o3fv5u  |c https://core.palmknihy.cz/api/books/115/cover/50?oo5ht3  |e 2028-11-19  |g 224  |i 9788087027349  |j https://core.palmknihy.cz/api/books/115/preview.epub  |k https://core.palmknihy.cz/api/books/115/preview.pdf  |l   |q 49  |r 1  |s https://www.palmknihy.cz/kniha/115  |t ebook  |y 2010  |z 1  |v Pohřbeni na Soldafaru  |w 2 
999 |d 305250